| 000 | 01076nam a2200205Ia 4500 | ||
|---|---|---|---|
| 999 |
_c53530 _d53530 |
||
| 001 | 20576 | ||
| 003 | GE_BSU | ||
| 005 | 20210223224858.0 | ||
| 008 | 181216s2015||||ge |||||||||||||| ||geo|| | ||
| 040 | _cGE_BSU | ||
| 041 | _ageo | ||
| 080 | _a811.353.1'221.24 ქ-27 | ||
| 245 |
_aქართული ჟესტური ენის ლექსიკონი კატასრტოფების რისკის შემცირების თემაზე / _bლექსიკონზე მუშაობდნენ : ა. ბატატუნაშვილი, რ. ლორთქიფანიძე, ნ. რუხაძე და სხვ. |
||
| 264 |
_aთბილისი : _b?, _c2015. |
||
| 300 |
_a45 გვ. : _b ილ. ; _c30 სმ. |
||
| 541 | _h25 ლ. | ||
| 653 | _aქართული ენა | ||
| 653 | _aქართული ჟესტური ენის ლექსიკონი კატასრტოფების რისკის შემცირების თემაზე | ||
| 942 |
_cBK _2udc |
||